[Event "4NCL/Div1b/PAP vs. GADS"]
[Site "Sunningdale ENG"]
[Date "2009.01.17"]
[Round "5.6"]
[White "Anderton, David"]
[Black "Sahl, Sheila"]
[Result "1/2-1/2"]
[WhiteElo "2225"]
[BlackElo "2219"]
[PlyCount "93"]
[EventDate "2009.01.17"]
[SourceDate "2008.10.04"]

1. d4 d5 2. c4 c6 3. Nc3 e5 4. e3 e4 5. Qb3 Nf6 6. Nh3 Bd6 7. cxd5 cxd5 8. Nf4
Bxf4 9. exf4 O-O 10. Be3 Nc6 11. h3 a6 12. g4 Na5 13. Qd1 b5 14. b3 Ra7 15. Qd2
Nc6 16. Rc1 Ne7 17. f5 Ne8 18. Bg2 Rd7 19. O-O Bb7 20. f3 exf3 21. Bxf3 Nf6 22.
Qg2 Qa5 23. g5 Ne4 24. Bxe4 dxe4 25. f6 Nd5 26. Nxd5 Bxd5 27. fxg7 Re8 28. Rc5
Qb6 29. Rf6 Qa5 30. Qf2 Be6 31. Kh2 Qd8 32. Qh4 Rxd4 33. Bxd4 Qxd4 34. Rc2 Qe5+
35. Qg3 Qxg3+ 36. Kxg3 Kxg7 37. Re2 Rc8 38. Re3 Rc2 39. Rf2 Rc5 40. h4 Bf5 41.
Rd2 a5 42. a3 Bg6 43. Rd4 h6 44. b4 axb4 45. gxh6+ Kxh6 46. Rxb4 f5 47. a4
1/2-1/2

[Event "4NCL/Div1b/PAP vs. GADS"]
[Site "Sunningdale ENG"]
[Date "2009.01.17"]
[Round "5.7"]
[White "Winkelmann, Elena"]
[Black "Bellin, Jana"]
[Result "0-1"]
[WhiteElo "2101"]
[BlackElo "2184"]
[PlyCount "104"]
[EventDate "2009.01.17"]
[SourceDate "2008.10.04"]

1. c4 e5 2. g3 Nc6 3. Bg2 g6 4. Nc3 Bg7 5. Rb1 a5 6. a3 f5 7. d3 Nf6 8. Bg5 Ne7
9. e3 O-O 10. Nge2 h6 11. Bxf6 Bxf6 12. O-O d6 13. b4 axb4 14. axb4 c6 15. Qc2
Be6 16. b5 Ra3 17. e4 Qa5 18. Rb3 Ra8 19. bxc6 bxc6 20. Rfb1 Rxb3 21. Qxb3 Qa3
22. Qb7 Qa7 23. Qxa7 Rxa7 24. Kf1 Kf7 25. Ke1 f4 26. Kd2 g5 27. Kc2 Nc8 28. f3
h5 29. h3 Bd8 30. gxf4 gxf4 31. h4 Bb6 32. Rh1 Kf6 33. Bh3 Bxh3 34. Rxh3 Ra1
35. Nc1 Be3 36. Nb3 Rg1 37. Ne2 Rg2 38. Kd1 Ne7 39. d4 Bf2 40. dxe5+ dxe5 41.
Nbc1 Nc8 42. Nd3 Be3 43. Ne1 Rg8 44. Kc2 Nb6 45. Kc3 Ra8 46. Nc2 Bc5 47. Rh1
Ra4 48. Ra1 Rxa1 49. Nxa1 Bf2 50. Nb3 Bxh4 51. c5 Nd7 52. Kc4 Bf2 0-1

[Event "4NCL/Div1b/PAP vs. GADS"]
[Site "Sunningdale ENG"]
[Date "2009.01.17"]
[Round "5.8"]
[White "Wilman, Carey A"]
[Black "Auckland, Elliott"]
[Result "0-1"]
[WhiteElo "2047"]
[BlackElo "2014"]
[PlyCount "98"]
[EventDate "2009.01.17"]
[SourceDate "2008.10.04"]

1. d4 Nf6 2. Nf3 g6 3. Bf4 Bg7 4. Nbd2 d5 5. e3 Nbd7 6. h3 c5 7. c3 O-O 8. Be2
b6 9. Ne5 Bb7 10. O-O Nxe5 11. Bxe5 Nd7 12. Bxg7 Kxg7 13. Qc2 f6 14. f4 Qc7 15.
f5 Rfe8 16. Bb5 e5 17. dxc5 bxc5 18. Qa4 Nb6 19. Qh4 Rf8 20. a4 c4 21. a5 Nc8
22. a6 Bc6 23. Bxc6 Qxc6 24. e4 Nd6 25. fxg6 hxg6 26. exd5 Qxd5 27. Nf3 Nf5 28.
Qf2 Qb5 29. g4 Nd6 30. Rfd1 Rfd8 31. Qe2 Nf7 32. b4 Rxd1+ 33. Qxd1 Rd8 34. Qe2
Rd3 35. Ra5 Qb6+ 36. Kh2 Rxc3 37. g5 Qe3 38. gxf6+ Kxf6 39. Qxe3 Rxe3 40. Kg2
Rb3 41. Rc5 c3 42. b5 Nd6 43. Rc6 Ke6 44. b6 axb6 45. a7 Ra3 46. Rxc3 Rxa7 47.
Rc6 b5 48. Rc5 Ra2+ 49. Kf1 Rf2+ 0-1